| 000 | 00728nam a22001815i 4500 | ||
|---|---|---|---|
| 001 | 157039 | ||
| 003 | ES-MaACL | ||
| 005 | 20230906210551.0 | ||
| 008 | 040809s1872 sp |||| | spa d | ||
| 040 |
_aCAM _bspa _cCAM |
||
| 100 | 1 |
_aLaplana y Ciria, Luis. _9128684 |
|
| 245 | 1 | 0 |
_aNociones de geografía-histórica / _cpor Luis Laplana y Ciria. |
| 260 |
_aVitoria : _bImp., Lit. y Lib. de la viuda de Egaña é hijos, _c1872. |
||
| 300 |
_a138 p.. ; _c15 cm. |
||
| 505 | 8 | _aContiene: Primer cuaderno (138 p.) | |
| 594 | _aTit. de la antep.: Lecciones preliminares de geografía-histórica. | ||
| 852 |
_aES-MaACL _jT-168-F-4 _z-- Enc. hol. _q-- Sólo primer cuaderno falto de la cub. original _z-- Enc. en un vol. facticio |
||
| 999 |
_c157039 _d157039 |
||